00524nam a2200181Ia 4500008004100000020001500041082001300056100002200069245004700091250000800138260002500146300001100171500002400182650001200206942000700218952010200225999001500327230524s9999 xx 000 0 und d a8120306937 a4.3bRAJ aV.Rajaraman92240 0aAnalysis and Design of Information Systems a3RD aNEW DELHIbPHIc1999 aXI;359 aQuantity Number: 1 aComp-Sc cBK 00104070aTATCLbTATCLcGENd2023-05-24l0o4.3 RAJp4267r2023-05-24w2023-05-24yBKzPEEC5301 c4202d4202